| 000 | 01209nam a2200385.c 4500 | ||
|---|---|---|---|
| 999 |
_c50867 _d50867 |
||
| 001 | 50867 | ||
| 003 | ES-MaCES | ||
| 005 | 20180725114211.0 | ||
| 008 | 180724s2018 sp ||||| |||||||||||spa|d | ||
| 017 |
_aM 13086-2018 _bDL |
||
| 020 | _a9788473606318 | ||
| 040 |
_aES-MaCES _bspa _cES-MaCES |
||
| 100 | 1 |
_939214 _aBelda Hériz, Ignacio |
|
| 245 | 1 | 0 |
_aEconomía circular _b: un nuevo modelo de producción y consumo sostenible _cIgnacio Belda Hériz |
| 260 |
_aMadrid _bTébar Flores _c[2018] |
||
| 300 |
_a229 p. _c24 cm |
||
| 504 | _aBibliografía: p. 225-229 | ||
| 541 | _cCompra | ||
| 650 | 4 |
_930653 _aglobalización económica |
|
| 650 | 4 |
_930961 _acambio climático |
|
| 650 | 4 |
_930722 _adegradación del medio ambiente |
|
| 650 | 4 |
_927907 _aconsumo |
|
| 650 | 4 |
_930785 _adesarrollo sostenible |
|
| 650 | 4 |
_929422 _apolítica ambiental |
|
| 650 | 4 |
_928230 _ainnovación |
|
| 650 | 4 |
_928755 _aconservación de los recursos |
|
| 650 | 4 |
_929528 _areciclaje de desperdicios |
|
| 650 | 4 |
_930776 _apolítica comunitaria |
|
| 650 | 4 |
_926752 _aUE |
|
| 650 | 4 |
_926964 _aEspaña |
|
| 650 | 4 |
_928846 _aestudio de casos |
|
| 653 | 1 | 0 | _aEconomía |
| 902 | _aLIB Libro | ||
| 942 |
_2CES _cBK _h0.0. |
||